| 000 | 00906nac a22002891i 4500 | ||
|---|---|---|---|
| 003 | EG-ScBUE | ||
| 005 | 20230116120902.0 | ||
| 008 | 230116s1993 enka f 001 0 eng d | ||
| 020 | _a9780304342785 | ||
| 020 | _a0304342785 | ||
| 040 |
_aEG-ScBUE _beng _erda _cEG-ScBUE _dEG-ScBUE |
||
| 082 | 0 | 4 |
_a747.3 _bWIL _222 |
| 100 | 1 |
_aWiles, Richard, _eauthor. |
|
| 245 | 1 | 0 |
_aDecorative papering / _cRichard Wiles ; [edited by Emma Callery]. |
| 264 | 1 |
_aLondon : _bWard Lock, _c1993. |
|
| 300 |
_a128 pages : _billustrations (some color) ; _c29 cm |
||
| 336 |
_2rdacontent _atext _btxt |
||
| 337 |
_2rdamedia _aunmediated _bn |
||
| 338 |
_2rdacarrier _avolume _bnc |
||
| 500 | _aIncludes index. | ||
| 650 | 7 |
_aPaperhanging. _2BUEsh |
|
| 650 | 7 |
_aTextile fabrics in interior decoration. _2BUEsh |
|
| 653 | _bART | ||
| 655 | _vReading book | ||
| 700 | 1 |
_aCallery, Emma, _eeditor. |
|
| 942 |
_cBB _2ddc |
||
| 999 |
_c5495 _d5495 |
||